000 00528cam a22001697a 4500
008 180718b1999 xxu||||| |||| 00| 0 eng d
020 _a7500425651
082 _aT19x54 J564
245 _aocial sciences: Chinese academy of social sciences forum
_cedited by Shen Jinjian and Shi Muhong
260 _aBeijing
_bChina Social Sciences Pub.
_c1999
300 _a282p.
650 _aPoverty - China
650 _aGlobalization - China
650 _aChina - Economic conditions
700 _aMuhong, Shi
700 _aJinjian, Shen
999 _c492534
_d492534